Política y democracia
I tiakina i:
| Kaituhi matua: | |
|---|---|
| Hōputu: | Pukapuka |
| Reo: | Pāniora |
| I whakaputaina: |
Buenos Aires
Paidós
1960
|
| Putanga: | 2a. ed |
| Rangatū: | Biblioteca del Hombre Contemporáneo, 57
|
| Ngā marau: | |
| Ngā Tūtohu: |
Tāpirihia he Tūtohu
Kāore He Tūtohu, Me noho koe te mea tuatahi ki te tūtohu i tēnei pūkete!
|
MARC
| LEADER | 00000nam a2200000 a 4500 | ||
|---|---|---|---|
| 001 | UCT6854 | ||
| 003 | CL-VaPUC | ||
| 008 | 970113e19600000AG |||||||||||||||||spa|d | ||
| 082 | 0 | 4 | |a 320.51 |b RUG |2 21 |
| 100 | 0 | |a Ruggiero, Guido de |e author |9 377148 | |
| 245 | 1 | 0 | |a Política y democracia |
| 250 | |a 2a. ed | ||
| 300 | |a 168 p | ||
| 942 | |c BK | ||
| 945 | |d 19970113 00:00:00 |a paguirre | ||
| 260 | |a Buenos Aires |b Paidós |c 1960 | ||
| 650 | 0 | |a Política |9 255312 | |
| 650 | 7 | |a FILOSOFIA POLITICA |2 CL-VaPUC |9 377149 | |
| 650 | 7 | |a TEORIA POLITICA |2 CL-VaPUC |9 377150 | |
| 650 | 0 | |a Ideologías |9 255200 | |
| 650 | 0 | |a Liberalismo |9 255715 | |
| 650 | 0 | |a Socialismo |9 255260 | |
| 650 | 0 | |a Democracia |9 255256 | |
| 583 | |a last modification |c 19970113 00:00:00 |k Rodrigo Vera | ||
| 490 | 0 | |a Biblioteca del Hombre Contemporáneo, 57 | |
| 999 | |c 255524 |d 255522 | ||
| 952 | |0 0 |1 0 |4 0 |6 320_510000000000000_RUG_1960 |7 0 |8 A |9 277781 |a BIBDER |b BIBDER |d 2019-11-19 |i 1803379 |o 320.51 RUG 1960 |p 1803379 |r 2023-01-25 |w 2019-11-19 |y BK |k DER | ||